| 000 | 00739nam a22001935i 4500 | ||
|---|---|---|---|
| 001 | 151706 | ||
| 003 | ES-MaACL | ||
| 005 | 20250815022956.0 | ||
| 008 | 151013s1929 sp |||| | spa d | ||
| 245 | 0 | 0 |
_aNobiliario hispano-americano del siglo XVI / _cpor Santiago Montoto. |
| 260 |
_aMadrid : _bCompañía Iberoamericana de Publicaciones, _c[1929] |
||
| 300 |
_a403 p. : _bil. ; _c26 cm. |
||
| 490 | 1 |
_aColección de documentos inéditos para la historia de Hispanoamérica ; _v2 |
|
| 650 | 4 |
_aHeráldica- _zEspaña. _913317 |
|
| 700 | 1 |
_aMontoto, Santiago. _982701 |
|
| 830 | 1 | 0 |
_aColección de documentos inéditos para la historia de Hispanoamérica _v2 _9187670 |
| 852 | 4 |
_aES-MaACL _jC-12699 |
|
| 999 |
_c151706 _d151706 |
||